000 00613nam a22002177a 4500
003 BD-DhJNU
005 20250303072149.0
008 250303b |||||||| |||| 00| 0 eng d
020 _a9780195638196
020 _a0195638190
040 _aBD-DhJNU
_bENG
_cBD-DhJNU
_dBD-DhJNU
082 _223
_a181 RAI
100 _aRadhakrishnan, S.
245 _aIndian philosophy /
_cS. Radhakrishnan
260 _aNew Delhi :
_bOxford University Press,
_c2006.
300 _a738p. :
_bill. ;
_c22 cm
490 _vvol. 1
_aPhilosophy India
504 _aIncludes index
650 _aIndian philosophy
942 _2ddc
_cBK
_n0
999 _c1434
_d1434